Statistics for Sci-Fi books to authors

Click here to take the quiz!

General Stats

  • This quiz has been taken 94 times
  • The average score is 16 of 43

Answer Stats

HintAnswer% Correct
1984George Orwell
88%
FrankensteinMary Shelley
84%
DuneFrank Herbert
81%
The Hitch Hiker's Guide to the GalaxyDouglas Adams
80%
Slaughterhouse 5Kurt Vonnegut
74%
Journey to the Center of the EarthJules Verne
73%
Fahrenheit 451Ray Bradbury
73%
Ender's GameOrson Scott Card
70%
Brave New WorldAldous Huxley
69%
The War of the WorldsH G Wells
69%
The FoundationIsaac Asimov
69%
The StandStephen King
68%
Childhood's EndArthur C Clarke
49%
NeuromancerWilliam Gibson
48%
The Left Hand of DarknessUrsula K Le Guin
47%
HyperionDan Simmons
42%
UbikPhilip K Dick
42%
The Andromeda StrainMichael Crichton
40%
The Moon is a Harsh MistressRobert A Heinlein
38%
RingworldLarry Niven
30%
Snow CrashNeal Stephenson
30%
ContactCarl Sagan
27%
SolarisStanislaw Lem
23%
Flowers for AlgernonDaniel Keyes
22%
The Forever WarJoe Haldeman
22%
The Stars My DestinationAlfred Bester
21%
The City and the CityChina Mieville
21%
Red MarsKim Stanley Robinson
20%
Lord of LightRoger Zelazny
19%
Player of GamesIan M Banks
16%
Old Man's WarJohn Scalzi
16%
A Fire Upon the DeepVernor Vinge
16%
A Canticle for LeibowitzWalter M Miller
14%
To Your Scattered Bodies GoPhilip Jose Farmer
12%
Doomsday BookConnie Willis
11%
GatewayFrederik Pohl
11%
The Fifth Head of CerberusGene Wolfe
10%
Stand on ZanzibarJohn Brunner
10%
More Than HumanTheodore Sturgeon
9%
The Windup GirlPaolo Bacigalupi
7%
BarrayarLois McMaster Bujold
6%
The Reality DysfunctionPeter F Hamilton
6%
Altered CarbonRichard Morgan
6%

Score Distribution

Percentile by Number Answered

Percent of People with Each Score

Your Score History

You have not taken this quiz